000 00904nam a2200253 i 4500
001 187445
003 ES-MaACL
005 20250824012601.0
008 170705s1982 sp |||| | spa d
020 _a84-206-4119-7
100 1 _aOrtega y Gasset, José,
_d1883-1955
_987503
245 1 0 _aIdeas sobre el teatro y la novela /
_cOrtega y Gasset.
250 _a1ª ed. en "Obras de José Ortega y Gasset".
260 _aMadrid :
_bRevista de Occidente en Alianza Editorial,
_c1982.
300 _a156 p. ;
_c18 cm.
490 1 _aObras de José Ortega y Gasset ;
_v19
598 _aColección editada por Paulino Garagorri.
650 7 _aTeatro
_2embne
_917290
650 0 4 _aNovela-
_xHistoria y crítica.
_915603
700 1 _aGaragorri, Paulino,
_d1916-2007
_953911
830 1 _aObras de José Ortega y Gasset ;
_v19
_9181562
852 _aES-MaACL
_jL-31817
999 _c187445
_d187445